| 000 | 00805nam a2200229 a 4500 | ||
|---|---|---|---|
| 001 | BRCA_6645 | ||
| 005 | 20190320205535.0 | ||
| 008 | 111011s2007----mx-a######---#000-0#spa-# | ||
| 020 | _a9789685502023 | ||
| 041 | _aspa | ||
| 050 | 4 | _bV35 2007 | |
| 100 | 1 |
_aValero de García Lascuráin, Ana Rita _916641 |
|
| 245 | 1 | 0 |
_aMors Vita _bel panteón de Vizcaínas _cAna Rita Valero de García Lascuráin ; prefacio José María Basagoiti Noriega. |
| 260 |
_aMéxico _bColegio de San Ignacio de Loyola (Vizcaínas), I. A. P. _c2007 |
||
| 300 |
_a75 p. _bil. a color _c26 cm. |
||
| 500 | _aDonación Dra. Elsa Barberena | ||
| 504 | _aBibliografía: p.73-75 | ||
| 650 | 1 | 4 |
_aPráctica funerarias _xHistoria _zMéxico _916642 |
| 700 | 1 |
_aBasagoiti Noriega, José María _916643 |
|
| 902 | _aDEB | ||
| 942 |
_2lcc _cB |
||
| 999 |
_c6329 _d6329 |
||